Islamic law of Inheritance: (Record no. 6684)
[ view plain ]
| 000 -LEADER | |
|---|---|
| fixed length control field | 00659nam a22001937a 4500 |
| 003 - CONTROL NUMBER IDENTIFIER | |
| control field | BUBTL |
| 008 - FIXED-LENGTH DATA ELEMENTS--GENERAL INFORMATION | |
| fixed length control field | 220412b ||||| |||| 00| 0 eng d |
| 082 ## - DEWEY DECIMAL CLASSIFICATION NUMBER | |
| Classification number | 340.59/ H211i/ 2009 |
| 100 ## - MAIN ENTRY--PERSONAL NAME | |
| 9 (RLIN) | 2101 |
| Personal name | Haque, Muhammad Ekramul |
| 245 ## - TITLE STATEMENT | |
| Title | Islamic law of Inheritance: |
| Remainder of title | Rules and Calculations / |
| Statement of responsibility, etc. | Muhammad Ekramul Haque |
| 250 ## - EDITION STATEMENT | |
| Edition statement | 1st Edn. |
| 260 ## - PUBLICATION, DISTRIBUTION, ETC. (IMPRINT) | |
| Place of publication, distribution, etc. | Dhaka: |
| Name of publisher, distributor, etc. | London College of Legal Studies(South), |
| Date of publication, distribution, etc. | c2009 |
| 300 ## - PHYSICAL DESCRIPTION | |
| Extent | 272 p.: |
| Dimensions | 22 cm. |
| 505 ## - FORMATTED CONTENTS NOTE | |
| Formatted contents note | Islamic law of Inheritance: Rules and Calculations, Muhammad Ekramul Haque |
| 650 #0 - SUBJECT ADDED ENTRY--TOPICAL TERM | |
| 9 (RLIN) | 26 |
| Topical term or geographic name as entry element | Law |
| 856 ## - ELECTRONIC LOCATION AND ACCESS | |
| Password | 0 |
| Logon | 0 |
| Link text | Download |
| 942 ## - ADDED ENTRY ELEMENTS (KOHA) | |
| Source of classification or shelving scheme | |
| Koha item type | Books |
| Withdrawn status | Lost status | Source of classification or shelving scheme | Damaged status | Not for loan | Collection code | Permanent location | Current location | Shelving location | Date acquired | Source of acquisition | Inventory number | Total Checkouts | Full call number | Barcode | Checked out | Date last seen | Date last checked out | Copy number | Price effective from | Koha item type |
|---|---|---|---|---|---|---|---|---|---|---|---|---|---|---|---|---|---|---|---|---|
| Non-fiction | Bangladesh University of Business and Technology Library | Bangladesh University of Business and Technology Library | Law Stacks | 03/24/2022 | Purchase | 28502 | 4 | 340.59/ H211i/ 2009 | BUBTL-200328502 | 07/14/2024 | 07/07/2024 | 07/07/2024 | C-1 | 04/12/2022 | Books | |||||
| Non-fiction | Bangladesh University of Business and Technology Library | Bangladesh University of Business and Technology Library | Law Stacks | 03/24/2022 | Purchase | 28503 | 7 | 340.59/ H211i/ 2009 | BUBTL-200328503 | 08/21/2024 | 07/07/2024 | C-2 | 04/12/2022 | Books | ||||||
| Not For Loan | Non-fiction | Bangladesh University of Business and Technology Library | Bangladesh University of Business and Technology Library | Law Stacks | 03/24/2022 | Purchase | 28504 | 340.59/ H211i/ 2009 | BUBTL-200328504 | 04/12/2022 | C-3 | 04/12/2022 | Books | |||||||
| Non-fiction | Bangladesh University of Business and Technology Library | Bangladesh University of Business and Technology Library | Law Stacks | 03/24/2022 | Purchase | 28505 | 5 | 340.59/ H211i/ 2009 | BUBTL-200328505 | 07/14/2024 | 07/07/2024 | C-4 | 04/12/2022 | Books | ||||||
| Non-fiction | Bangladesh University of Business and Technology Library | Bangladesh University of Business and Technology Library | Law Stacks | 03/24/2022 | Purchase | 28506 | 11 | 340.59/ H211i/ 2009 | BUBTL-200328506 | 08/20/2024 | 07/10/2024 | C-5 | 04/12/2022 | Books | ||||||
| Not For Loan | Non-fiction | Bangladesh University of Business and Technology Library | Bangladesh University of Business and Technology Library | Law Stacks | 03/27/2016 | Purchase | 22141 | 340.59/ H211i/ 2009 | BUBTL-200322141 | 07/30/2024 | C-6 | 07/30/2024 | Books |
